<?xml version="1.0" encoding="UTF-8"?>
<record
    xmlns:xsi="http://www.w3.org/2001/XMLSchema-instance"
    xsi:schemaLocation="http://www.loc.gov/MARC21/slim http://www.loc.gov/standards/marcxml/schema/MARC21slim.xsd"
    xmlns="http://www.loc.gov/MARC21/slim">

  <leader>00511nam a22001457a 4500</leader>
  <controlfield tag="005">20251125102917.0</controlfield>
  <controlfield tag="008">251125b        |||||||| |||| 00| 0 eng d</controlfield>
  <datafield tag="020" ind1=" " ind2=" ">
    <subfield code="a">978-1-4743-0111-4</subfield>
  </datafield>
  <datafield tag="100" ind1=" " ind2=" ">
    <subfield code="a">WIDDICOMBE, KAREN</subfield>
  </datafield>
  <datafield tag="245" ind1=" " ind2=" ">
    <subfield code="a">THE ALL ENGLAND LAW REPORTS 2016</subfield>
  </datafield>
  <datafield tag="260" ind1=" " ind2=" ">
    <subfield code="a">LONDON</subfield>
    <subfield code="b">LEXISNEXIS</subfield>
    <subfield code="c">2016</subfield>
  </datafield>
  <datafield tag="300" ind1=" " ind2=" ">
    <subfield code="a">XX, 1144P.</subfield>
  </datafield>
  <datafield tag="650" ind1=" " ind2=" ">
    <subfield code="a">1. LAW -REPORTS, DIGESTS ETC -ENGLAND AND WALES 2. LAW - ENGLAND AND WALES - CASES 3. COURTS - ENGLAND AND WALES 4. COMMON LAW- ENGLAND AND WALES</subfield>
  </datafield>
  <datafield tag="942" ind1=" " ind2=" ">
    <subfield code="2">lcc</subfield>
    <subfield code="c">REF</subfield>
  </datafield>
  <datafield tag="999" ind1=" " ind2=" ">
    <subfield code="c">216277</subfield>
    <subfield code="d">216277</subfield>
  </datafield>
  <datafield tag="952" ind1=" " ind2=" ">
    <subfield code="0">0</subfield>
    <subfield code="1">0</subfield>
    <subfield code="2">lcc</subfield>
    <subfield code="4">0</subfield>
    <subfield code="6">KD0288 A45  02016 V.00001</subfield>
    <subfield code="7">0</subfield>
    <subfield code="8">LAW</subfield>
    <subfield code="9">373648</subfield>
    <subfield code="a">KSUL</subfield>
    <subfield code="b">KSUL</subfield>
    <subfield code="c">DISPLAY</subfield>
    <subfield code="d">2025-11-25</subfield>
    <subfield code="i">110051</subfield>
    <subfield code="l">0</subfield>
    <subfield code="o">KD 288 .A45 2016 V.1</subfield>
    <subfield code="p">000000001118</subfield>
    <subfield code="r">2025-11-25 10:32:25</subfield>
    <subfield code="t">C.1</subfield>
    <subfield code="w">2025-11-25</subfield>
    <subfield code="y">REF</subfield>
  </datafield>
  <datafield tag="952" ind1=" " ind2=" ">
    <subfield code="0">0</subfield>
    <subfield code="1">0</subfield>
    <subfield code="2">lcc</subfield>
    <subfield code="4">0</subfield>
    <subfield code="6">KD0288 A45  02016 V.00001</subfield>
    <subfield code="7">0</subfield>
    <subfield code="8">LAW</subfield>
    <subfield code="9">373649</subfield>
    <subfield code="a">KSUL</subfield>
    <subfield code="b">KSUL</subfield>
    <subfield code="c">DISPLAY</subfield>
    <subfield code="d">2025-11-25</subfield>
    <subfield code="i">110052</subfield>
    <subfield code="l">0</subfield>
    <subfield code="o">KD 288 .A45 2016 V.1</subfield>
    <subfield code="p">000000001117</subfield>
    <subfield code="r">2025-11-25 10:32:00</subfield>
    <subfield code="t">C.2</subfield>
    <subfield code="w">2025-11-25</subfield>
    <subfield code="y">REF</subfield>
  </datafield>
  <datafield tag="952" ind1=" " ind2=" ">
    <subfield code="0">0</subfield>
    <subfield code="1">0</subfield>
    <subfield code="2">lcc</subfield>
    <subfield code="4">0</subfield>
    <subfield code="6">KD0288 A45  02016 V.00001</subfield>
    <subfield code="7">0</subfield>
    <subfield code="8">LAW</subfield>
    <subfield code="9">373650</subfield>
    <subfield code="a">KSUL</subfield>
    <subfield code="b">KSUL</subfield>
    <subfield code="c">DISPLAY</subfield>
    <subfield code="d">2025-11-25</subfield>
    <subfield code="i">110053</subfield>
    <subfield code="l">0</subfield>
    <subfield code="o">KD 288 .A45 2016 V.1</subfield>
    <subfield code="p">000000001116</subfield>
    <subfield code="r">2025-11-25 10:32:00</subfield>
    <subfield code="t">C.3</subfield>
    <subfield code="w">2025-11-25</subfield>
    <subfield code="y">REF</subfield>
  </datafield>
  <datafield tag="952" ind1=" " ind2=" ">
    <subfield code="0">0</subfield>
    <subfield code="1">0</subfield>
    <subfield code="2">lcc</subfield>
    <subfield code="4">0</subfield>
    <subfield code="6">KD0288 A45  02016 V.00001</subfield>
    <subfield code="7">0</subfield>
    <subfield code="8">LAW</subfield>
    <subfield code="9">373651</subfield>
    <subfield code="a">KSUL</subfield>
    <subfield code="b">KSUL</subfield>
    <subfield code="c">DISPLAY</subfield>
    <subfield code="d">2025-11-25</subfield>
    <subfield code="i">110054</subfield>
    <subfield code="l">0</subfield>
    <subfield code="o">KD 288 .A45 2016 V.1</subfield>
    <subfield code="p">000000001115</subfield>
    <subfield code="r">2025-11-25 10:32:00</subfield>
    <subfield code="t">C.4</subfield>
    <subfield code="w">2025-11-25</subfield>
    <subfield code="y">REF</subfield>
  </datafield>
</record>
